Влияние толщины изделия на определение глубины дефекта при активном тепловом неразрушающем контроле; Информационно-измерительная техника и технологии

Bibliografiska uppgifter
Parent link:Информационно-измерительная техника и технологии.— 2015.— [С. 172-181]
Huvudupphovsman: Разумова А. А.
Institutionell upphovsman: Национальный исследовательский Томский политехнический университет (ТПУ) Институт неразрушающего контроля (ИНК) Кафедра физических методов и приборов контроля качества (ФМПК)
Övriga upphovsmän: Ширяев В. В. Владимир Васильевич
Sammanfattning:Заглавие с титульного экрана
В данной работе представлены результаты опыта по определению влияния толщины изделия на определение глубины дефекта при активном тепловом контроле. Были получены термограммы и графики, на которых наглядно представлен эксперимент. Теоретическое исследование было проведено в программе ThermpCalc2D, а экспериментальные данные были обработаны в программе ThermpFit Pro.
In this work results of experiment by definition of influence of thickness of a product on determination of depth of defect at active thermal control are presented. Thermograms and schedules on which experiment is visually presented were received. Theoretical research was carried out in the ThermpCalc2D program, and experimental data were processed in the ThermpFit Pro program.
Språk:ryska
Publicerad: 2015
Ämnen:
Länkar:http://earchive.tpu.ru/handle/11683/22264
http://www.lib.tpu.ru/fulltext/c/2015/C18/031.pdf
Materialtyp: Elektronisk Bokavsnitt
KOHA link:https://koha.lib.tpu.ru/cgi-bin/koha/opac-detail.pl?biblionumber=617099

MARC

LEADER 00000naa2a2200000 4500
001 617099
005 20240117155609.0
035 |a (RuTPU)RU\TPU\conf\15403 
035 |a RU\TPU\conf\15402 
090 |a 617099 
100 |a 20160212d2015 k y0rusy50 ca 
101 0 |a rus 
102 |a RU 
105 |a y z 101zy 
135 |a drcn ---uucaa 
181 0 |a i  
182 0 |a b 
200 1 |a Влияние толщины изделия на определение глубины дефекта при активном тепловом неразрушающем контроле  |d Influence of thickness of the product on determination of depth of defect at active thermal nondestructive control  |f А. А. Разумова, В. В. Ширяев 
203 |a Текст  |c электронный 
300 |a Заглавие с титульного экрана 
320 |a [Библиогр.: с. 181 (7 назв.)] 
330 |a В данной работе представлены результаты опыта по определению влияния толщины изделия на определение глубины дефекта при активном тепловом контроле. Были получены термограммы и графики, на которых наглядно представлен эксперимент. Теоретическое исследование было проведено в программе ThermpCalc2D, а экспериментальные данные были обработаны в программе ThermpFit Pro. 
330 |a In this work results of experiment by definition of influence of thickness of a product on determination of depth of defect at active thermal control are presented. Thermograms and schedules on which experiment is visually presented were received. Theoretical research was carried out in the ThermpCalc2D program, and experimental data were processed in the ThermpFit Pro program. 
337 |a Adobe Reader 
463 0 |0 (RuTPU)RU\TPU\conf\15333  |t Информационно-измерительная техника и технологии  |o материалы VI научно-практической конференции, Томск, 27-30 мая 2015 г.  |f Национальный исследовательский Томский политехнический университет (ТПУ) ; под ред. А. В. Юрченко  |v [С. 172-181]  |d 2015 
510 1 |a Influence of thickness of the product on determination of depth of defect at active thermal nondestructive control  |z eng 
610 1 |a труды учёных ТПУ 
610 1 |a электронный ресурс 
610 1 |a тепловая дефектоскопия 
610 1 |a тепловой метод 
610 1 |a неразрушающий контроль 
610 1 |a инфракрасная термография 
610 1 |a термограммы 
610 1 |a дефекты 
700 1 |a Разумова  |b А. А. 
701 1 |a Ширяев  |b В. В.  |c специалист в области неразрушающего контроля  |c старший научный сотрудник Томского политехнического университета, кандидат технических наук  |f 1948-  |g Владимир Васильевич  |3 (RuTPU)RU\TPU\pers\28002  |9 12991 
712 0 2 |a Национальный исследовательский Томский политехнический университет (ТПУ)  |b Институт неразрушающего контроля (ИНК)  |b Кафедра физических методов и приборов контроля качества (ФМПК)  |3 (RuTPU)RU\TPU\col\18709 
801 2 |a RU  |b 63413507  |c 20210119  |g RCR 
856 4 |u http://earchive.tpu.ru/handle/11683/22264 
856 4 |u http://www.lib.tpu.ru/fulltext/c/2015/C18/031.pdf 
942 |c BK